000 01100nam a22003257a 4500
003 CHAP
005 20220329133259.0
008 971013s1990 r 00010 d
010 _a4254
011 _a5226
035 _a4433
040 _cCHAP
082 _a630.72
_bI48o
110 _aINIFAP. México. Campo Experimental Valles Centrales de Oaxaca
_958773
245 _aMemoria de investigación 1970-1990
_b: XX aniversario del Campo Experimental Valles Centrales de Oaxaca
260 _aSanto Domingo Barrio Bajo :
_bEl Instituto,
_c1990
300 _a115 p
490 _aPublicación especial
_v; 3
500 _aD53-93
590 _aBATCH-UPD
_b10
_c20130110
_lUCH01
_h1145
590 _aBATCH-UPD
_b10
_c20130410
_lUCH01
_h0731
590 _aBATCH-UPD
_b10
_c20130914
_lUCH01
_h0048
590 _aCONVERSION
_b10
_c20130109
_lUCH01
_h1303
650 1 4 _aAgricultura
_xInvestigacion
_xOaxaca.
_91653
650 1 4 _aAgricultura
_xOaxaca.
_91756
830 0 _aPublicación especial
_v; 3
_992760
901 _aBK
942 _cLIBRO
949 _a630.72 I48o
_bBC
_cCONG
_d-13976
_eCONG
_h81646
_i4433
_mD
_si
999 _c4254
_d4254